| 000 | 00502 a2200181 4500 | ||
|---|---|---|---|
| 005 | 20250421111338.0 | ||
| 008 | 250421b |||||||| |||| 00| 0 eng d | ||
| 020 |
_a9788119907212 _cRs. 1495.00 |
||
| 040 | _aMAIN | ||
| 082 |
_a338.4791 _bT326A |
||
| 100 | _aThakur, Arun Singh | ||
| 245 | _aAdventure tourism: Global and Indian perspective | ||
| 260 |
_bIndu Book Services _c2024 _aNew Delhi |
||
| 300 | _axii, 259 | ||
| 650 | _aHotel Managemant | ||
| 650 | _xTourism Development | ||
| 942 | _cBK | ||
| 999 |
_c360559 _d360559 |
||